000 01148nam a22001937a 4500
003 JO-AjAnu
005 20240908121137.0
008 240908b jo ||||| |||| 00| 0 ara d
040 _aJO-AjAnu
_cJO-AjAnu
041 _aara
100 1 _aالغاوي، عدنان عزت
_966145
_eمعد
245 2 1 _aالدور المعدل للتسويق الإلكتروني على العلاقة بين حاضنات الأعمال والتنمية المستدامة في اقليم الشمال - الاردن = The Moderating Role of Electronic Marketing on the Relationship Between Business incubators and Sustainable Development at Northern Region - jordan /
_cاعداد عدنان عزت الغاوي ؛ إشراف هشام علي شطناوي
260 _c2024
300 _a125ورقة
500 _a رسالة جامعية (ماجستير) .- جامعة عجلون الوطنية (عجلون، الأردن)، كلية العلوم التربوية قسم تخصص صعوبات التعلم، 2024
650 7 0 _aالتسويق الالكتروني
_929299
700 1 _aشطناوي،هشام علي
_964865
_eمشرف
942 _2lcc
_cTHS
_n0
999 _c33645
_d33645